Online
Catalog
Normal view MARC view

Entry Nombre corporativo

Number of records used in: 8

001 - NÚMERO DE CONTROL

  • campo de control: 35749

003 - IDENTIFICADOR DEL NÚMERO DE CONTROL

  • campo de control: OSt

005 - FECHA Y HORA DE LA ÚLTIMA TRANSACCIÓN

  • campo de control: 20200615033510.0

008 - DATOS DE LONGITUD FIJA

  • campo de control de longitud fija: 200615|| aca||aabn | a|a d

040 ## - FUENTE DE LA CATALOGACIÓN

  • Centro catalogador/agencia de origen: OSt
  • Centro/agencia transcriptor: OSt

110 ## - ENCABEZAMIENTO-NOMBRE DE ENTIDAD CORPORATIVA

  • Nombre de entidad corporativa o nombre de jurisdicción como elemento de entrada: Instituto Nacional de Formación Técnico Profesional

670 ## - FUENTE DE DATOS ENCONTRADOS

  • Cita de la fuente: Work cat.: (OSt)15415: conferencia nacional sobre la mejora de la productividad empresarial (1a : 1995 oct. 9-10 : Santo Domingo) 35748, Ponencias 1ra conferencia nacional sobre la mejora de la productividad empresarial., 1996.

Powered by Koha